Som rada, že sa už hovorí aj o rizikách druhý dôchodkový pilier. Ministerka práce, sociálnych vecí a rodiny Viera Tomanová pre HN

Bibliographic Details
Main Author: Obradovič, Filip (Author, Interviewer)
Other Authors: Pardubský, Lukáš (Interviewer)
Format: Article
Language:Slovak
PhysicalDescription:Fotogr.
ISSN:1335-4701
Subjects:

MARC

LEADER 00000nab a2200000 a 4500
001 vtls009291480
003 SK-MaSNL
005 20260426072845.0
008 140301c20080311xo dr|p|||||||000 b|slo
015 |a SNBRB2008/04  |2 snkbucl 
038 |a SNKBUCL 
040 |a SNKBUCL  |b slo  |c SNKBUCL  |e AACR2 
041 0 |a slo 
044 |a xo  |c SK 
080 |a 368.914:336.714  |x (437.6)  |2 2001 
080 |a 336.714:368.914  |x (437.6)  |2 2001 
100 1 |a Obradovič, Filip  |4 ivr  |4 aut  |9 113330 
245 1 0 |a Som rada, že sa už hovorí aj o rizikách  |b druhý dôchodkový pilier. Ministerka práce, sociálnych vecí a rodiny Viera Tomanová pre HN  |c [zhovárali sa] Filip Obradovič, Lukáš Pardubský 
300 |b Fotogr. 
500 |a Biogr. údaje 
650 0 7 |a starobné dôchodkové sporenie  |2 snkbucl  |9 58138 
651 7 |a Slovensko  |2 snkbucl  |9 14231 
700 1 |a Pardubský, Lukáš  |4 ivr  |9 838434 
700 1 |a Tomanová, Viera,  |d 1948-  |4 ive  |9 100237 
773 0 |t Hospodárske noviny  |g Roč. XVI., č. 50 (11.3.2008), s. 5  |x 1335-4701 
852 |a SNK  |b KIS3GCP 
958 |a SK 
958 |a BX 
999 |c 2694530  |d 2696460